Supply chain management: strategy, planning, and operation

Kaydedildi:
Detaylı Bibliyografya
Asıl Yazarlar: Chopra, Sunil (Yazar), Meindl, Peter (Yazar)
Materyal Türü: Kitap
Dil:İspanyolca
Baskı/Yayın Bilgisi: Hoboken Prentice Hall 2004
Edisyon:2a. ed
Konular:
Etiketler: Etiketle
Etiket eklenmemiş, İlk siz ekleyin!

MARC

LEADER 00000nam a2200000 a 4500
001 UCI5296
003 CL-VaPUC
008 080320e20040000US |||||||||||||||||spa|d
020 |a 013101028X 
082 0 4 |a 658.7  |b CHO  |2 21 
100 0 |a Chopra, Sunil  |e author  |9 527578 
700 0 |a Meindl, Peter  |e author  |9 527579 
245 1 0 |a Supply chain management: strategy, planning, and operation 
250 |a 2a. ed 
300 |a 567 p 
942 |c BK 
945 |d 20080320 00:00:00  |a rbrito 
260 |a Hoboken  |b Prentice Hall  |c 2004 
650 0 |a Control de inventario  |9 263777 
650 0 |a Stocks  |9 361023 
650 7 |a GESTION DE STOCK  |2 CL-VaPUC  |9 527580 
650 0 |a Transporte de mercancias  |9 358742 
650 0 |a Producción  |x Planificación  |9 260672 
650 0 |a Gestión de la producción   |9 259467 
583 |a last modification  |c 20120417 10:05:20  |k Rodrigo Vera 
999 |c 329050  |d 329048 
952 |0 0  |1 0  |4 0  |6 658_700000000000000_CHO_2004  |7 0  |8 A  |9 413354  |a BIBING  |b BIBING  |d 2019-11-22  |i 441733K  |o 658.7 CHO 2004  |p 441733K  |r 2025-01-20  |w 2019-11-22  |y BK  |k EII 
952 |0 0  |1 0  |4 0  |6 658_700000000000000_CHO_2004  |7 0  |8 A  |9 413355  |a BIBING  |b BIBING  |d 2019-11-22  |i 4417348  |o 658.7 CHO 2004  |p 4417348  |r 2025-01-20  |w 2019-11-22  |y BK  |k EII 
952 |0 0  |1 0  |4 0  |6 658_700000000000000_CHO_2004  |7 0  |8 A  |9 413356  |a BIBING  |b BIBING  |d 2019-11-22  |i 4417356  |o 658.7 CHO 2004  |p 4417356  |r 2025-01-20  |w 2019-11-22  |y BK  |k EII